[Event "EUYCC 2024 U8"]
[Site "?"]
[Date "2024.08.12"]
[Round "8.1"]
[White "Pham, Han Nam"]
[Black "Petrov, Valery P."]
[Result "1-0"]
[BlackElo "1459"]
[WhiteElo "1654"]
[LiveChessVersion "1.4.8"]

1. e4 {[%clk 1:30:53]} c5 2. Nf3 {[%clk 1:31:15]} d6 {[%clk 1:30:29]} 3. d4
{[%clk 1:31:33]} cxd4 {[%clk 1:29:36]} 4. Qxd4 {[%clk 1:31:53]} Nc6
{[%clk 1:28:28]} 5. Bb5 {[%clk 1:32:01]} Bd7 {[%clk 1:27:15]} 6. Bxc6
{[%clk 1:32:18]} Bxc6 {[%clk 1:27:15]} 7. Nc3 {[%clk 1:32:26]} Nf6
{[%clk 1:25:25]} 8. Bg5 {[%clk 1:32:12]} e5 {[%clk 1:22:59]} 9. Qc4
{[%clk 1:32:14]} Be7 {[%clk 1:22:40]} 10. O-O-O {[%clk 1:32:11]} O-O
{[%clk 1:21:52]} 11. Nxe5 {[%clk 1:31:06]} Qb6 {[%clk 1:20:10]} 12. Be3
{[%clk 1:29:44]} Qa5 {[%clk 1:18:37]} 13. Nf3 {[%clk 1:27:09]} Rac8
{[%clk 1:16:36]} 14. Qd3 {[%clk 1:26:33]} Ba4 {[%clk 1:12:35]} 15. Kb1
{[%clk 1:25:22]} b5 {[%clk 1:08:37]} 16. Rd2 {[%clk 1:23:37]} b4 {[%clk 1:01:25]}
17. Nxa4 {[%clk 1:22:40]} Qxa4 {[%clk 1:01:13]} 18. Nd4 a6 {[%clk 0:59:57]} 19.
Nf5 {[%clk 1:19:11]} Rfe8 {[%clk 0:58:49]} 20. Bf4 d5 {[%clk 0:58:49]} 21. exd5
Rcd8 {[%clk 0:58:49]} 22. d6 Bf8 23. Bg5 {[%clk 1:05:50]} Re6 {[%clk 0:56:31]}
24. f3 {[%clk 0:54:39]} Qc6 {[%clk 0:54:44]} 25. Nd4 {[%clk 0:54:38]} Rdxd6
{[%clk 0:54:44]} 26. Nxc6 {[%clk 0:54:21]} Rxd3 {[%clk 0:54:43]} 27. Rxd3
{[%clk 0:53:40]} Rxc6 {[%clk 0:54:58]} 28. b3 {[%clk 0:53:16]} h6
{[%clk 0:54:44]} 29. Bxf6 {[%clk 0:52:50]} gxf6 {[%clk 0:54:42]} 30. Re1
{[%clk 0:52:08]} Bg7 {[%clk 0:54:52]} 31. f4 {[%clk 0:52:09]} Rc5
{[%clk 0:54:38]} 32. Re4 {[%clk 0:50:54]} a5 {[%clk 0:54:23]} 33. Rd7
{[%clk 0:50:39]} f5 {[%clk 0:53:33]} 34. Re8+ {[%clk 0:50:51]} Kh7
{[%clk 0:53:40]} 35. Ree7 {[%clk 0:50:42]} Kg6 {[%clk 0:53:40]} 36. Rxf7
{[%clk 0:49:40]} Bc3 {[%clk 0:53:49]} 37. Rc7 {[%clk 0:48:52]} Rd5
{[%clk 0:53:01]} 38. Rfd7 {[%clk 0:49:06]} Rxd7 {[%clk 0:52:54]} 39. Rxd7
{[%clk 0:49:29]} Kh5 {[%clk 0:53:09]} 40. g3 {[%clk 0:45:09]} Kg4
{[%clk 0:53:21]} 41. Rh7 {[%clk 0:45:04]} Kh5 {[%clk 0:53:15]} 42. h3
{[%clk 0:44:11]} Bd4 {[%clk 0:52:56]} 43. g4+ {[%clk 0:43:12]} fxg4
{[%clk 0:53:12]} 44. hxg4+ {[%clk 0:43:35]} Kxg4 {[%clk 0:53:33]} 45. Rxh6
{[%clk 0:43:56]} Kxf4 {[%clk 0:53:54]} 46. Ra6 {[%clk 0:44:04]} Ke5
{[%clk 0:53:49]} 47. Rxa5+ {[%clk 0:44:28]} Kd6 {[%clk 0:54:08]} 48. a3
{[%clk 0:44:28]} Bc5 {[%clk 0:54:29]} 49. Rxc5 {[%clk 0:44:50]} Kxc5
{[%clk 0:54:47]} 50. axb4+ {[%clk 0:45:14]} Kxb4 {[%clk 0:55:04]} 51. Kb2
{[%clk 0:45:36]} Kb5 {[%clk 0:55:23]} 52. c4+ {[%clk 0:45:54]} Kb4
{[%clk 0:55:42]} 53. Kc2 {[%clk 0:46:16]} Kc5 {[%clk 0:56:00]} 54. Kc3
{[%clk 0:46:39]} Kb6 {[%clk 0:56:22]} 55. b4 {[%clk 0:46:56]} Kc6
{[%clk 0:56:45]} 56. c5 {[%clk 0:47:18]} Kb5 {[%clk 0:57:09]} 57. Kd4
{[%clk 0:47:40]} Kxb4 {[%clk 0:57:25]} 58. c6 {[%clk 0:48:03]} Kb5
{[%clk 0:57:44]} 59. c7 {[%clk 0:48:23]} Kc6 {[%clk 0:57:56]} 60. c8=Q+
{[%clk 0:48:13]} Kd6 {[%clk 0:58:16]} 61. Qa6+ {[%clk 0:48:35]} Ke7
{[%clk 0:58:30]} 62. Ke5 {[%clk 0:48:49]} Kd7 {[%clk 0:58:52]} 63. Qd6+
{[%clk 0:49:13]} Kc8 {[%clk 0:59:10]} 64. Qe7 {[%clk 0:49:35]} Kb8
{[%clk 0:59:32]} 65. Kd6 {[%clk 0:49:57]} Ka8 {[%clk 0:59:54]} 66. Kc6
{[%clk 0:50:18]} Kb8 {[%clk 1:00:09]} 67. Qb7# {[%clk 0:50:42]} 1-0

[Event "EUYCC 2024 U8"]
[Site "?"]
[Date "2024.08.12"]
[Round "8.2"]
[White "Dragoi, Aaron-Mathias"]
[Black "Vratny, Vojtech"]
[Result "1/2-1/2"]
[BlackElo "1601"]
[WhiteElo "1598"]
[LiveChessVersion "1.4.8"]

1. e4 {[%clk 1:30:58]} c6 {[%clk 1:30:48]} 2. d4 {[%clk 1:31:22]} d5
{[%clk 1:31:08]} 3. exd5 {[%clk 1:31:30]} cxd5 {[%clk 1:31:21]} 4. Bd3
{[%clk 1:31:54]} Nc6 {[%clk 1:31:30]} 5. c3 {[%clk 1:32:20]} Nf6 {[%clk 1:31:44]}
6. Nf3 {[%clk 1:32:44]} Bg4 {[%clk 1:31:56]} 7. O-O {[%clk 1:32:36]} e6
{[%clk 1:32:04]} 8. Bf4 {[%clk 1:32:59]} Bd6 {[%clk 1:31:56]} 9. Bxd6
{[%clk 1:33:23]} Qxd6 {[%clk 1:31:54]} 10. Nbd2 {[%clk 1:33:44]} O-O
{[%clk 1:31:19]} 11. h3 {[%clk 1:34:09]} Bh5 {[%clk 1:31:09]} 12. Re1
{[%clk 1:34:34]} Rfc8 {[%clk 1:30:12]} 13. g4 {[%clk 1:33:00]} Bg6
{[%clk 1:28:57]} 14. Bxg6 {[%clk 1:33:15]} hxg6 {[%clk 1:28:35]} 15. Ne5
{[%clk 1:33:30]} Qc7 {[%clk 1:26:58]} 16. h4 {[%clk 1:31:35]} Nxe5
{[%clk 1:26:45]} 17. dxe5 {[%clk 1:31:59]} Nd7 {[%clk 1:25:59]} 18. Nf3
{[%clk 1:30:40]} Qc4 {[%clk 1:15:41]} 19. Nd4 {[%clk 1:31:00]} Nc5
{[%clk 1:08:57]} 20. Qd2 {[%clk 1:16:50]} Ne4 {[%clk 0:55:13]} 21. Qe3 Rab8 22.
f3 {[%clk 1:04:17]} Nc5 {[%clk 0:54:57]} 23. h5 {[%clk 0:59:26]} gxh5
{[%clk 0:53:10]} 24. gxh5 {[%clk 0:59:26]} Qd3 {[%clk 0:51:00]} 25. Qg5
{[%clk 0:49:59]} Qh7 {[%clk 0:49:51]} 26. Re2 {[%clk 0:47:12]} Re8
{[%clk 0:40:38]} 27. Rg2 {[%clk 0:46:54]} Kh8 {[%clk 0:39:09]} 28. Nb5
{[%clk 0:41:24]} Nd7 {[%clk 0:28:48]} 29. Nd6 {[%clk 0:41:34]} Rf8
{[%clk 0:26:53]} 30. Kf2 {[%clk 0:37:08]} f6 {[%clk 0:23:27]} 31. exf6
{[%clk 0:35:29]} gxf6 {[%clk 0:23:02]} 32. Qe3 {[%clk 0:27:53]} e5
{[%clk 0:19:43]} 33. Rg6 {[%clk 0:25:54]} d4 {[%clk 0:17:06]} 34. cxd4
{[%clk 0:25:26]} exd4 {[%clk 0:17:02]} 35. Qf4 {[%clk 0:25:26]} Ne5
{[%clk 0:16:05]} 36. Qxd4 {[%clk 0:25:03]} Nxg6 {[%clk 0:15:52]} 37. hxg6
{[%clk 0:25:26]} Qh2+ {[%clk 0:15:27]} 38. Ke3 {[%clk 0:25:05]} Qe5+
{[%clk 0:15:38]} 39. Qxe5 {[%clk 0:25:12]} fxe5 {[%clk 0:15:46]} 40. Nf7+
{[%clk 0:25:24]} Kg7 {[%clk 0:15:52]} 41. Nxe5 {[%clk 0:25:43]} Rbe8
{[%clk 0:15:07]} 42. f4 {[%clk 0:24:31]} Rf6 {[%clk 0:13:00]} 43. Rc1
{[%clk 0:23:29]} Re7 {[%clk 0:10:42]} 44. Rg1 {[%clk 0:23:16]} Rb6
{[%clk 0:10:12]} 45. Rg2 {[%clk 0:22:49]} Rf6 {[%clk 0:08:07]} 46. Ke4
{[%clk 0:22:26]} Rf8 {[%clk 0:05:56]} 47. Re2 {[%clk 0:20:25]} Rh8
{[%clk 0:03:19]} 48. Kf3 {[%clk 0:10:05]} Rh6 {[%clk 0:02:17]} 49. Rc2
{[%clk 0:05:43]} Rh5 {[%clk 0:01:45]} 50. Kg4 {[%clk 0:05:32]} Rh1
{[%clk 0:01:46]} 51. Kf3 {[%clk 0:05:31]} Rf1+ {[%clk 0:01:36]} 52. Kg4
{[%clk 0:05:12]} Kf6 {[%clk 0:01:19]} 53. Rg2 {[%clk 0:04:37]} Rg7
{[%clk 0:00:54]} 54. a3 {[%clk 0:03:46]} a6 {[%clk 0:01:01]} 55. Rd2
{[%clk 0:03:00]} Rg1+ {[%clk 0:01:00]} 56. Kf3 {[%clk 0:02:56]} Rf1+
{[%clk 0:01:15]} 57. Ke4 {[%clk 0:03:01]} Re1+ {[%clk 0:01:28]} 58. Kf3
{[%clk 0:03:14]} Kf5 {[%clk 0:01:31]} 59. Rf2 {[%clk 0:03:02]} Re4
{[%clk 0:01:30]} 60. Kg3 {[%clk 0:03:03]} Re3+ {[%clk 0:01:33]} 61. Kg2
{[%clk 0:03:02]} Re4 {[%clk 0:01:34]} 62. Kg3 {[%clk 0:03:03]} 1/2-1/2

[Event "EUYCC 2024 U10"]
[Site "?"]
[Date "2024.08.05"]
[Round "1.1"]
[White "Fan, Sizhuo"]
[Black "Hroch, Pavel"]
[Result "1-0"]
[BlackElo "1665"]
[WhiteElo "1895"]
[LiveChessVersion "1.4.8"]

1. e4 {[%clk 1:30:56]} e5 {[%clk 1:29:53]} 2. Nf3 {[%clk 1:31:17]} Nc6
{[%clk 1:28:20]} 3. Bb5 {[%clk 1:31:39]} Nf6 {[%clk 1:27:35]} 4. O-O
{[%clk 1:31:51]} Bc5 {[%clk 1:26:16]} 5. Re1 {[%clk 1:31:59]} O-O
{[%clk 1:24:30]} 6. c3 {[%clk 1:32:14]} d6 {[%clk 1:18:48]} 7. d4
{[%clk 1:32:34]} Bb6 {[%clk 1:05:46]} 8. Bg5 {[%clk 1:31:41]} Bg4
{[%clk 1:02:45]} 9. Bxc6 {[%clk 1:29:18]} bxc6 {[%clk 1:02:21]} 10. dxe5
{[%clk 1:29:35]} dxe5 {[%clk 0:56:30]} 11. Qxd8 {[%clk 1:29:57]} Raxd8
{[%clk 0:54:37]} 12. Nxe5 {[%clk 1:29:08]} Rfe8 {[%clk 0:49:58]} 13. Bxf6
{[%clk 1:29:19]} gxf6 {[%clk 0:47:51]} 14. Nxg4 {[%clk 1:29:14]} Rxe4
{[%clk 0:45:49]} 15. Nxf6+ {[%clk 1:29:33]} Kg7 {[%clk 0:43:05]} 16. Nxe4
{[%clk 1:29:27]} Kg6 {[%clk 0:34:28]} 17. Na3 {[%clk 1:29:46]} 1-0

[Event "EUYCC 2024 U10"]
[Site "?"]
[Date "2024.08.05"]
[Round "1.2"]
[White "Bostina, Vladimir-Ioan"]
[Black "Chalampuente, Victor"]
[Result "0-1"]
[BlackElo "1851"]
[WhiteElo "1627"]
[LiveChessVersion "1.4.8"]

1. e4 {[%clk 1:30:54]} c6 {[%clk 1:30:54]} 2. d4 {[%clk 1:31:12]} d5
{[%clk 1:31:16]} 3. Nd2 {[%clk 1:31:32]} dxe4 {[%clk 1:31:36]} 4. Nxe4
{[%clk 1:31:53]} Nf6 {[%clk 1:31:52]} 5. Nxf6+ {[%clk 1:32:14]} exf6
{[%clk 1:32:11]} 6. c3 {[%clk 1:32:16]} Bd6 {[%clk 1:32:34]} 7. Bd3
{[%clk 1:32:36]} O-O {[%clk 1:32:37]} 8. Qc2 {[%clk 1:33:00]} Re8+
{[%clk 1:32:51]} 9. Ne2 {[%clk 1:33:09]} h5 {[%clk 1:33:00]} 10. Be3
{[%clk 1:32:29]} Be6 {[%clk 1:31:56]} 11. c4 {[%clk 1:31:06]} Nd7
{[%clk 1:31:32]} 12. O-O-O {[%clk 1:27:42]} Qa5 {[%clk 1:27:46]} 13. a3
{[%clk 1:21:13]} b5 {[%clk 1:25:57]} 14. c5 {[%clk 1:16:57]} Bf8 {[%clk 1:19:56]}
15. h3 {[%clk 1:03:49]} Qc7 {[%clk 1:17:16]} 16. g4 {[%clk 1:01:22]} h4
{[%clk 1:16:48]} 17. g5 {[%clk 0:53:17]} b4 {[%clk 1:06:12]} 18. gxf6
{[%clk 0:37:02]} Nxf6 {[%clk 1:01:37]} 19. Bg5 {[%clk 0:20:02]} Nd5
{[%clk 0:59:09]} 20. a4 {[%clk 0:15:01]} b3 {[%clk 0:57:47]} 21. Qd2
{[%clk 0:13:15]} Rab8 {[%clk 0:53:29]} 22. Nf4 {[%clk 0:08:47]} Nb4
{[%clk 0:50:57]} 23. Nxe6 {[%clk 0:03:24]} Qa5 {[%clk 0:44:31]} 24. Nxf8
{[%clk 0:00:56]} Qxa4 {[%clk 0:43:56]} 25. Bh7+ {[%clk 0:00:41]} Kh8
{[%clk 0:44:05]} 26. Bb1 {[%clk 0:00:35]} Na2+ 27. Bxa2 {[%clk 0:00:42]} bxa2
{[%clk 0:44:37]} 28. Qc2 {[%clk 0:00:36]} a1=Q+ {[%clk 0:44:27]} 29. Kd2
{[%clk 0:00:43]} Qxc2+ {[%clk 0:44:34]} 30. Kxc2 {[%clk 0:01:02]} Qxb2+
{[%clk 0:44:58]} 31. Kd3 {[%clk 0:01:23]} Rb3+ {[%clk 0:45:14]} 32. Kc4
{[%clk 0:01:40]} Qc2# {[%clk 0:45:37]} 0-1

[Event "EUYCC 2024 U10"]
[Site "?"]
[Date "2024.08.05"]
[Round "1.3"]
[White "Gusev, Daniil Den"]
[Black "Hlavacek, Pavel"]
[Result "1-0"]
[BlackElo "1583"]
[WhiteElo "1842"]
[LiveChessVersion "1.4.8"]

1. e4 {[%clk 1:30:57]} c6 {[%clk 1:30:50]} 2. d4 {[%clk 1:31:04]} d5
{[%clk 1:31:00]} 3. exd5 {[%clk 1:30:55]} cxd5 {[%clk 1:31:20]} 4. Nf3
{[%clk 1:30:57]} Nc6 {[%clk 1:30:16]} 5. Ne5 {[%clk 1:30:44]} Nxe5
{[%clk 1:27:43]} 6. dxe5 {[%clk 1:30:55]} e6 {[%clk 1:25:23]} 7. Be3
{[%clk 1:23:37]} Ne7 {[%clk 1:10:59]} 8. Bd3 {[%clk 1:18:59]} Nc6
{[%clk 1:09:46]} 9. Bf4 {[%clk 1:12:21]} Be7 {[%clk 1:01:03]} 10. Qg4
{[%clk 1:11:25]} g5 {[%clk 0:55:03]} 11. Bd2 {[%clk 1:03:37]} Nxe5
{[%clk 0:50:44]} 12. Bb5+ {[%clk 0:59:02]} Nc6 {[%clk 0:46:41]} 13. Bc3
{[%clk 0:48:57]} Bf6 {[%clk 0:41:20]} 14. Qf3 {[%clk 0:49:13]} Bxc3+
{[%clk 0:40:58]} 15. Nxc3 {[%clk 0:49:17]} Bd7 {[%clk 0:34:19]} 16. O-O-O
{[%clk 0:47:47]} Qc7 {[%clk 0:29:10]} 17. Qf6 {[%clk 0:42:30]} Qf4+
{[%clk 0:27:56]} 18. Qxf4 {[%clk 0:42:56]} gxf4 {[%clk 0:28:19]} 19. Rhe1
{[%clk 0:43:03]} O-O-O {[%clk 0:27:54]} 20. Bxc6 {[%clk 0:42:44]} Bxc6
{[%clk 0:27:32]} 21. Rd4 {[%clk 0:43:06]} f3 {[%clk 0:25:21]} 22. g3
{[%clk 0:40:23]} Rhg8 {[%clk 0:22:21]} 23. Rh4 {[%clk 0:35:58]} Rg7
{[%clk 0:21:46]} 24. Re5 {[%clk 0:33:47]} Kd7 {[%clk 0:19:35]} 25. Reh5
{[%clk 0:33:30]} Rh8 {[%clk 0:19:50]} 26. Nd1 {[%clk 0:31:46]} f5
{[%clk 0:18:38]} 27. Rf4 {[%clk 0:30:46]} Ke7 {[%clk 0:17:22]} 28. Rxf3
{[%clk 0:30:27]} Be8 {[%clk 0:17:29]} 29. Rh4 {[%clk 0:30:30]} h5
{[%clk 0:17:02]} 30. Rb4 {[%clk 0:30:15]} b5 {[%clk 0:16:11]} 31. Ra3
{[%clk 0:30:37]} Kf6 {[%clk 0:16:10]} 32. h4 {[%clk 0:31:00]} Rc7
{[%clk 0:14:10]} 33. Ne3 {[%clk 0:30:10]} Bd7 {[%clk 0:13:03]} 34. Ra6
{[%clk 0:30:31]} Kf7 {[%clk 0:11:04]} 35. Kd2 {[%clk 0:18:30]} Rhc8
{[%clk 0:09:38]} 36. c3 {[%clk 0:15:02]} Ra8 {[%clk 0:08:09]} 37. Nc2
{[%clk 0:12:07]} Rg8 {[%clk 0:04:44]} 38. Nd4 {[%clk 0:10:04]} Rg4
{[%clk 0:03:55]} 39. Ne2 {[%clk 0:05:11]} Rxb4 {[%clk 0:03:42]} 40. cxb4
{[%clk 0:05:36]} e5 {[%clk 0:03:25]} 41. b3 {[%clk 0:05:07]} d4 {[%clk 0:03:28]}
42. Rh6 {[%clk 0:05:14]} Rc6 {[%clk 0:02:46]} 43. Rxh5 {[%clk 0:05:07]} Ke6
{[%clk 0:02:55]} 44. Rh6+ {[%clk 0:03:37]} Kd5 {[%clk 0:03:15]} 45. Rh7
{[%clk 0:03:53]} Be6 {[%clk 0:03:08]} 46. h5 {[%clk 0:03:22]} Ke4
{[%clk 0:02:38]} 47. h6 {[%clk 0:03:10]} d3 {[%clk 0:02:47]} 48. Nc3+
{[%clk 0:03:33]} Kd4 {[%clk 0:03:04]} 49. Nxb5+ {[%clk 0:03:01]} Ke4
{[%clk 0:03:23]} 50. Nc3+ {[%clk 0:02:50]} Kd4 {[%clk 0:03:41]} 51. Rh8
{[%clk 0:02:41]} 1-0

[Event "EUYCC 2024 U10"]
[Site "?"]
[Date "2024.08.05"]
[Round "1.4"]
[White "Fattori Dittmar, Luca"]
[Black "Mueller, Konstantin"]
[Result "1/2-1/2"]
[BlackElo "1835"]
[WhiteElo "1580"]
[LiveChessVersion "1.4.8"]

1. d4 {[%clk 1:30:52]} Nf6 {[%clk 1:30:54]} 2. c4 {[%clk 1:31:15]} g6
{[%clk 1:31:17]} 3. f3 {[%clk 1:31:26]} c6 {[%clk 1:28:10]} 4. e4
{[%clk 1:31:07]} d5 {[%clk 1:27:37]} 5. e5 {[%clk 1:30:49]} Nfd7 {[%clk 1:27:07]}
6. Nc3 {[%clk 1:29:30]} e6 {[%clk 1:26:41]} 7. f4 {[%clk 1:27:56]} Be7
{[%clk 1:24:54]} 8. Nf3 {[%clk 1:27:04]} a5 {[%clk 1:22:46]} 9. Be3
{[%clk 1:26:09]} dxc4 {[%clk 1:19:45]} 10. Bxc4 {[%clk 1:26:14]} b5
{[%clk 1:19:03]} 11. Bd3 {[%clk 1:26:16]} Nb6 {[%clk 1:18:37]} 12. Rc1
{[%clk 1:24:49]} Nd5 {[%clk 1:18:05]} 13. Nxd5 Qxd5 {[%clk 1:18:10]} 14. a3
{[%clk 1:22:51]} O-O {[%clk 1:17:34]} 15. O-O {[%clk 1:22:36]} Bb7
{[%clk 1:11:18]} 16. Qc2 {[%clk 1:21:44]} Rc8 {[%clk 1:10:28]} 17. Be4
{[%clk 1:21:24]} Qd7 {[%clk 1:04:38]} 18. g4 {[%clk 1:17:53]} Na6
{[%clk 0:43:35]} 19. f5 {[%clk 1:16:33]} Qe8 {[%clk 0:42:49]} 20. fxe6
{[%clk 1:15:46]} fxe6 {[%clk 0:43:12]} 21. Ng5 {[%clk 1:12:02]} Nc7
{[%clk 0:34:55]} 22. Nxh7 {[%clk 1:11:56]} Nd5 {[%clk 0:30:28]} 23. Bd2
{[%clk 1:09:19]} c5 {[%clk 0:28:34]} 24. Bxd5 {[%clk 1:07:17]} Bxd5
{[%clk 0:28:40]} 25. Nf6+ {[%clk 1:07:38]} Bxf6 {[%clk 0:29:03]} 26. Rxf6
{[%clk 1:07:10]} Kg7 {[%clk 0:28:34]} 27. dxc5 {[%clk 1:05:18]} a4
{[%clk 0:27:36]} 28. Rcf1 {[%clk 1:04:11]} Ra7 {[%clk 0:26:22]} 29. Qc3
{[%clk 1:02:44]} Qh8 {[%clk 0:23:34]} 30. Qe3 {[%clk 0:58:57]} Qh4
{[%clk 0:20:59]} 31. Qf4 {[%clk 0:56:28]} Qh3 {[%clk 0:21:06]} 32. Rf7+
{[%clk 0:53:29]} Rxf7 {[%clk 0:21:17]} 33. Qxf7+ {[%clk 0:53:56]} Kh8
{[%clk 0:21:37]} 34. Qf6+ {[%clk 0:54:04]} Kh7 {[%clk 0:21:50]} 35. Qe7+
{[%clk 0:52:38]} Kg8 {[%clk 0:21:58]} 36. Qf7+ {[%clk 0:52:31]} Kh8
{[%clk 0:22:21]} 37. Qf6+ {[%clk 0:50:12]} Kh7 {[%clk 0:22:44]} 38. Qe7+
{[%clk 0:49:30]} Kg8 {[%clk 0:21:00]} 39. Qf7+ {[%clk 0:48:23]} 1/2-1/2

[Event "EUYCC 2024 U10"]
[Site "?"]
[Date "2024.08.05"]
[Round "1.5"]
[White "Kovacs, Balazs"]
[Black "Malchev, Nikola"]
[Result "1-0"]
[BlackElo "1561"]
[WhiteElo "1815"]
[LiveChessVersion "1.4.8"]

1. e4 {[%clk 1:30:55]} c6 {[%clk 1:30:51]} 2. d4 {[%clk 1:31:20]} d5
{[%clk 1:31:00]} 3. Nc3 {[%clk 1:31:45]} dxe4 {[%clk 1:31:02]} 4. Nxe4
{[%clk 1:32:09]} Nf6 {[%clk 1:31:23]} 5. Qd3 {[%clk 1:32:29]} Nxe4
{[%clk 1:24:36]} 6. Qxe4 {[%clk 1:32:44]} Nd7 {[%clk 1:24:34]} 7. Nf3
{[%clk 1:29:23]} Nf6 {[%clk 1:24:28]} 8. Qd3 {[%clk 1:29:04]} Bg4
{[%clk 1:23:55]} 9. Ne5 {[%clk 1:20:43]} Bh5 {[%clk 1:23:04]} 10. Bd2
{[%clk 1:06:50]} e6 {[%clk 1:02:01]} 11. f3 {[%clk 0:38:14]} Nd7 {[%clk 0:59:12]}
12. Nxd7 {[%clk 0:33:23]} Qxd7 {[%clk 0:57:17]} 13. O-O-O {[%clk 0:33:17]} O-O-O
{[%clk 0:56:06]} 14. Ba5 {[%clk 0:27:04]} b6 {[%clk 0:50:48]} 15. Be1
{[%clk 0:23:28]} Bd6 {[%clk 0:50:02]} 16. Qb3 {[%clk 0:19:23]} Qc7
{[%clk 0:38:13]} 17. c4 {[%clk 0:11:14]} Bg6 {[%clk 0:38:01]} 18. g3
{[%clk 0:08:52]} c5 {[%clk 0:36:45]} 19. Qa4 {[%clk 0:04:03]} f6 {[%clk 0:36:38]}
20. Bh3 {[%clk 0:04:17]} f5 {[%clk 0:36:34]} 21. dxc5 {[%clk 0:03:32]} Bxc5
{[%clk 0:36:18]} 22. Bd2 {[%clk 0:03:19]} Rd6 {[%clk 0:35:17]} 23. Bf4
{[%clk 0:03:01]} e5 {[%clk 0:34:39]} 24. Rxd6 {[%clk 0:00:53]} Bxd6
{[%clk 0:34:36]} 25. Be3 {[%clk 0:00:46]} Kb8 {[%clk 0:34:45]} 26. Rd1
{[%clk 0:00:42]} Rd8 {[%clk 0:34:25]} 27. f4 {[%clk 0:00:44]} e4 {[%clk 0:34:19]}
28. Bf1 {[%clk 0:00:51]} Be8 {[%clk 0:34:19]} 29. Qb3 {[%clk 0:00:56]} Ka8
{[%clk 0:33:40]} 30. Kb1 {[%clk 0:00:46]} Bc6 {[%clk 0:33:26]} 31. Bd4
{[%clk 0:00:35]} Qd7 {[%clk 0:31:47]} 32. Be5 {[%clk 0:00:40]} Qe7
{[%clk 0:30:39]} 33. Bxd6 {[%clk 0:00:35]} Rxd6 {[%clk 0:31:06]} 34. Rxd6
{[%clk 0:00:42]} Qxd6 {[%clk 0:31:33]} 35. c5 {[%clk 0:00:34]} Qd5
{[%clk 0:31:20]} 36. Qxd5 {[%clk 0:00:38]} Bxd5 {[%clk 0:31:48]} 37. cxb6
{[%clk 0:01:00]} axb6 {[%clk 0:32:02]} 38. Kc2 {[%clk 0:01:16]} Kb7
{[%clk 0:32:23]} 39. b3 {[%clk 0:00:42]} Kc6 {[%clk 0:32:28]} 40. Kc3
{[%clk 0:01:07]} h6 {[%clk 0:32:30]} 41. h4 {[%clk 0:00:42]} Bf7 {[%clk 0:32:00]}
42. a3 {[%clk 0:00:59]} Bh5 {[%clk 0:32:14]} 43. Kd4 {[%clk 0:01:07]} g6
{[%clk 0:31:28]} 44. Bc4 {[%clk 0:01:04]} Bd1 {[%clk 0:31:20]} 45. Bf7
{[%clk 0:01:09]} Bh5 {[%clk 0:31:37]} 46. a4 {[%clk 0:00:38]} b5 {[%clk 0:31:41]}
47. Be8+ {[%clk 0:01:04]} Kb6 {[%clk 0:32:06]} 48. Bxb5 {[%clk 0:01:28]} Ka5
{[%clk 0:32:25]} 49. Kc5 {[%clk 0:01:47]} 1-0

[Event "EUYCC 2024 U10"]
[Site "?"]
[Date "2024.08.05"]
[Round "1.6"]
[White "Malcheva, Niya"]
[Black "Doan, Hoang Minh"]
[Result "0-1"]
[BlackElo "1813"]
[WhiteElo "1551"]
[LiveChessVersion "1.4.8"]

1. e4 {[%clk 1:30:57]} c5 {[%clk 1:30:15]} 2. Nc3 {[%clk 1:30:54]} e6
{[%clk 1:30:27]} 3. Nge2 {[%clk 1:31:15]} Nc6 {[%clk 1:30:45]} 4. g3
{[%clk 1:31:31]} a6 {[%clk 1:30:57]} 5. Bg2 {[%clk 1:30:43]} Nf6 {[%clk 1:30:47]}
6. d3 {[%clk 1:30:30]} Qc7 {[%clk 1:28:52]} 7. O-O {[%clk 1:28:47]} Be7
{[%clk 1:27:28]} 8. Be3 {[%clk 1:26:01]} O-O {[%clk 1:24:36]} 9. Qd2
{[%clk 1:24:14]} b5 {[%clk 1:21:33]} 10. Nf4 {[%clk 1:23:06]} Ng4
{[%clk 1:18:09]} 11. a3 {[%clk 1:20:18]} Bb7 {[%clk 1:17:53]} 12. h3
{[%clk 1:19:38]} Nxe3 {[%clk 1:18:08]} 13. Qxe3 {[%clk 1:19:58]} Nd4
{[%clk 1:18:18]} 14. Qd2 {[%clk 1:16:45]} Bg5 {[%clk 1:15:29]} 15. Rad1
{[%clk 1:11:13]} b4 {[%clk 1:09:23]} 16. axb4 {[%clk 1:11:20]} cxb4
{[%clk 1:09:45]} 17. Na2 {[%clk 1:11:19]} e5 {[%clk 1:09:33]} 18. Qxb4
{[%clk 1:10:15]} Bxf4 {[%clk 1:08:52]} 19. gxf4 {[%clk 1:10:27]} Ne2+
{[%clk 1:09:10]} 20. Kh1 {[%clk 1:10:32]} Nxf4 {[%clk 1:09:21]} 21. Nc3
{[%clk 1:09:50]} Rab8 {[%clk 1:06:33]} 22. Qa3 {[%clk 1:08:11]} Qd8
{[%clk 0:59:26]} 23. Rg1 {[%clk 1:07:18]} Qh4 {[%clk 0:59:05]} 24. Kh2
{[%clk 1:06:50]} Qxf2 {[%clk 0:59:13]} 25. Rc1 {[%clk 1:06:03]} Nxg2
{[%clk 0:59:18]} 26. Rcf1 {[%clk 1:05:43]} Qxc2 {[%clk 0:59:20]} 27. Rxg2
{[%clk 1:06:08]} Qxd3 {[%clk 0:59:37]} 28. Qe7 {[%clk 1:06:09]} Qxf1
{[%clk 0:59:55]} 0-1

[Event "EUYCC 2024 U10"]
[Site "?"]
[Date "2024.08.05"]
[Round "1.7"]
[White "Lobina, Thomas"]
[Black "Glon Tombi Ambassa, Hermione"]
[Result "1-0"]
[BlackElo "1543"]
[WhiteElo "1793"]
[LiveChessVersion "1.4.8"]

1. e4 {[%clk 1:30:56]} e5 {[%clk 1:30:51]} 2. Nf3 {[%clk 1:31:21]} Nc6
{[%clk 1:31:08]} 3. Bc4 {[%clk 1:31:47]} Nf6 {[%clk 1:31:26]} 4. d3
{[%clk 1:31:34]} Bc5 {[%clk 1:31:41]} 5. c3 {[%clk 1:31:55]} a6 {[%clk 1:31:53]}
6. O-O {[%clk 1:30:08]} Ba7 {[%clk 1:31:10]} 7. Re1 {[%clk 1:29:02]} d6
{[%clk 1:28:11]} 8. h3 {[%clk 1:25:40]} h6 {[%clk 1:27:10]} 9. d4
{[%clk 1:24:07]} O-O {[%clk 1:21:54]} 10. Qd3 {[%clk 1:06:40]} Bd7
{[%clk 1:15:44]} 11. Nbd2 {[%clk 1:03:30]} Re8 {[%clk 1:10:46]} 12. Nf1
{[%clk 0:52:57]} Na5 {[%clk 1:07:55]} 13. Ng3 {[%clk 0:50:42]} Nxc4
{[%clk 1:03:39]} 14. Qxc4 {[%clk 0:50:24]} Bb5 {[%clk 1:01:44]} 15. Qb3
{[%clk 0:50:40]} Rb8 {[%clk 0:55:56]} 16. Qc2 {[%clk 0:44:03]} Bd7
{[%clk 0:51:57]} 17. Be3 {[%clk 0:42:40]} Qc8 {[%clk 0:49:07]} 18. Kh2
{[%clk 0:33:00]} Bc6 {[%clk 0:43:26]} 19. dxe5 {[%clk 0:26:38]} Bxe3
{[%clk 0:43:06]} 20. exf6 {[%clk 0:25:55]} Bf4 {[%clk 0:42:09]} 21. Kg1
{[%clk 0:25:31]} Bxg3 {[%clk 0:41:29]} 22. fxg3 {[%clk 0:25:46]} Re6
{[%clk 0:39:06]} 23. fxg7 {[%clk 0:24:32]} Rg6 {[%clk 0:37:54]} 24. Nh4
{[%clk 0:24:39]} Rxg3 {[%clk 0:36:39]} 25. Nf5 {[%clk 0:24:49]} Rg6
{[%clk 0:36:34]} 26. Ne7+ {[%clk 0:25:16]} Kxg7 {[%clk 0:36:36]} 27. Nxc8
{[%clk 0:25:36]} Rxc8 {[%clk 0:36:53]} 28. Re2 {[%clk 0:25:28]} Rg8
{[%clk 0:36:05]} 29. Rf1 {[%clk 0:25:10]} d5 {[%clk 0:35:39]} 30. exd5
{[%clk 0:24:40]} Bxd5 {[%clk 0:35:53]} 31. c4 {[%clk 0:25:01]} Bc6
{[%clk 0:32:46]} 32. Qc3+ {[%clk 0:24:59]} Kf8 {[%clk 0:32:09]} 33. g4
{[%clk 0:24:45]} h5 {[%clk 0:31:50]} 34. Qe3 {[%clk 0:24:48]} Kg7
{[%clk 0:29:48]} 35. Rxf7+ {[%clk 0:24:31]} Kh8 {[%clk 0:29:22]} 36. Qe5+
{[%clk 0:24:54]} R6g7 {[%clk 0:29:23]} 37. Qxh5+ {[%clk 0:25:16]} 1-0